| 000 | 00437nam a2200193Ia 4500 | ||
|---|---|---|---|
| 008 | 170918s9999 xx 000 0 und d | ||
| 020 | _a590463810 | ||
| 050 | _bR581 1991 | ||
| 100 | _aRinggold, Faith | ||
| 245 | _aTar beach / | ||
| 245 | _cFaith Ringgold. | ||
| 260 | _aNew York : | ||
| 260 | _bScholastic, | ||
| 260 | _c1991 | ||
| 300 | _aunpaged : | ||
| 300 | _bcolored illustration ; | ||
| 300 | _c30cm. | ||
| 500 | _a790 | ||
| 999 |
_c341962 _d341962 |
||